| Tag |
First Indicator |
Second Indicator |
Subfields |
| LEADER |
00000cam a2200000 a 4500 |
| 001 |
in00002787852 |
| 005 |
20211120170506.0 |
| 006 |
m o d f |
| 007 |
cr bn| |
| 008 |
121108s2012 dcu o f000 0 eng c |
| 035 |
|
|
|a (OCoLC)ocn816512310
|
| 040 |
|
|
|a GPO
|b eng
|c GPO
|d OCLCO
|d SEN
|d GPO
|d OCLCA
|d OCLCF
|d GPO
|d MvI
|d UtOrBLW
|
| 042 |
|
|
|a pcc
|
| 043 |
|
|
|a n-us---
|
| 049 |
|
|
|a WWW
|
| 050 |
1 |
4 |
|a KF26
|b .H63 2012g
|
| 074 |
|
|
|a 1037-D (online)
|
| 086 |
0 |
|
|a Y 4.G 74/9:S.HRG.112-559
|
| 110 |
1 |
|
|a United States.
|b Congress.
|b Senate.
|b Committee on Homeland Security and Governmental Affairs.
|
| 245 |
1 |
0 |
|a Secret Service on the line :
|b restoring trust and confidence : hearing before the Committee on Homeland Security and Governmental Affairs, United States Senate, One Hundred Twelfth Congress, second session, May 23, 2012.
|
| 264 |
|
1 |
|a Washington :
|b U.S. G.P.O.,
|c 2012.
|
| 300 |
|
|
|a 1 online resource (iii, 117 pages)>
|
| 336 |
|
|
|a text
|b txt
|2 rdacontent
|
| 337 |
|
|
|a computer
|b c
|2 rdamedia
|
| 338 |
|
|
|a online resource
|b cr
|2 rdacarrier
|
| 490 |
1 |
|
|a S. hrg. ;
|v 112-559
|
| 500 |
|
|
|a Title from title screen (viewed on Nov. 8, 2012).
|
| 500 |
|
|
|a Electronic resource.
|
| 610 |
1 |
0 |
|a United States.
|b Secret Service.
|
| 610 |
1 |
0 |
|a United States.
|b Secret Service
|x Officials and employees
|x Conduct of life.
|
| 610 |
1 |
0 |
|a United States.
|b Secret Service
|x Discipline.
|
| 650 |
|
0 |
|a Scandals
|z United States.
|
| 610 |
1 |
7 |
|a United States.
|b Secret Service.
|2 fast
|0 (OCoLC)fst00540229
|
| 650 |
|
7 |
|a Discipline.
|2 fast
|0 (OCoLC)fst00894841
|
| 650 |
|
7 |
|a Employees
|x Conduct of life.
|2 fast
|0 (OCoLC)fst00909117
|
| 650 |
|
7 |
|a Scandals.
|2 fast
|0 (OCoLC)fst01106361
|
| 651 |
|
7 |
|a United States.
|2 fast
|0 (OCoLC)fst01204155
|
| 655 |
|
7 |
|a Legislative materials.
|2 lcgft
|
| 776 |
0 |
8 |
|i Microfiche version:
|a United States. Congress. Senate. Committee on Homeland Security and Governmental Affairs.
|t Secret Service on the line : restoring trust and confidence
|w (OCoLC)830460685
|
| 776 |
0 |
8 |
|i Print version:
|a United States. Congress. Senate. Committee on Homeland Security and Governmental Affairs.
|t Secret Service on the line : restoring trust and confidence
|w (OCoLC)818658444
|
| 810 |
1 |
|
|a United States.
|b Congress.
|b Senate.
|t S. hrg. ;
|v 112-559.
|
| 856 |
4 |
0 |
|u https://purl.fdlp.gov/GPO/gpo30953
|t 0
|
| 999 |
|
|
|a MARS
|
| 999 |
f |
f |
|s 09e44ab1-2585-3187-8cdf-7c51690728ab
|i 3f457ef1-545d-368f-ada3-5bba5e650ab4
|t 0
|
| 952 |
f |
f |
|a Texas A&M University
|b College Station
|c Electronic Resources
|d Available Online
|t 0
|e Y 4.G 74/9:S.HRG.112-559
|h Superintendent of Documents classification
|
| 998 |
f |
f |
|a Y 4.G 74/9:S.HRG.112-559
|t 0
|l Available Online
|